<tr>>OLD MOVIES |
<tr>
<tr>>THE POWER OF THE DOGE |
<tr>
</tr>
<tr>
<tr>
<td>
</tr>
<tr>
>m class="correct_response">a seismograph>r /> >able width="100%">>d class="right">Yungsheng 永勝>tr> | >td>
</tr>
able>
|
<tr>
<td>
</tr>
<tr>
>m class="correct_response">an autograph>r /> >able width="100%">>d class="right">Andie>tr> | >td>
</tr>
able>
|
<tr>
<td>
</tr>
<tr>
>m class="correct_response">Mindy Kaling>r /> >able width="100%">>d class="right">Yungsheng 永勝>tr> | >td>
</tr>
able>
|
<tr>
<td>
</tr>
<tr>
>m class="correct_response">benign>r /> >able width="100%">>d class="right">Andie>tr> | >td>
</tr>
able>
|
<tr>
<td>
</tr>
<tr>
>m class="correct_response">a clock>r />r />able>>d class="wrong">Triple Stumper>tr> | >td>
</tr>
able>
|
<tr>
<td>
</tr>
<tr>
>m class="correct_response">a duke>r /> >able width="100%">>d class="right">Yungsheng 永勝>tr> | >td>
</tr>
able>
|
</tr>
<tr>
<tr>
<td>
</tr>
<tr>
(Eleanor: Um... ugh... blank) >r />m class="correct_response">a polygraph>r /> >able width="100%">>d class="wrong">Eleanor>d class="right">Yungsheng 永勝>tr> | >td>
</tr>
able>
|
<tr>
<td>
</tr>
<tr>
>m class="correct_response">auburn>r /> >able width="100%">>d class="right">Eleanor>tr> | >td>
</tr>
able>
|
<tr>
<td>
</tr>
<tr>
>m class="correct_response">Farsi>r /> >able width="100%">>d class="right">Yungsheng 永勝>tr> | >td>
</tr>
able>
|
<tr>
<td>
</tr>
<tr>
(Yungsheng: What is nephron?) >r />m class="correct_response">renal>r /> >able width="100%">>d class="wrong">Yungsheng 永勝>d class="right">Andie>tr> | >td>
</tr>
able>
|
<tr>
<td>
</tr>
<tr>
>m class="correct_response">Spencer Tracy>r /> >able width="100%">>d class="right">Andie>tr> | >td>
</tr>
able>
|
<tr>
<td>
</tr>
<tr>
>m class="correct_response">Crusade>r /> >able width="100%">>d class="right">Eleanor>tr> | >td>
</tr>
able>
|
</tr>
<tr>
<tr>
<td>
</tr>
<tr>
>m class="correct_response">glaucoma>r /> >able width="100%">>d class="right">Eleanor>tr> | >td>
</tr>
able>
|
<tr>
<td>
</tr>
<tr>
>m class="correct_response">autism>r /> >able width="100%">>d class="right">Yungsheng 永勝>tr> | >td>
</tr>
able>
|
<tr>
<td>
</tr>
<tr>
(Yungsheng: What is, uh, pie?) >r />m class="correct_response">Cake>r /> >able width="100%">>d class="wrong">Yungsheng 永勝>tr> | >able>>d class="wrong">Triple Stumper>tr> | >td>
</tr>
able>
|
<tr>
<td>
</tr>
<tr>
>m class="correct_response">asymptomatic>r /> >able width="100%">>d class="right">Andie>tr> | >td>
</tr>
able>
|
<tr>
<td>
</tr>
<tr>
>m class="correct_response">Pre-Code>r />r />able>>d class="wrong">Triple Stumper>tr> | >td>
</tr>
able>
|
<tr>
<td>
</tr>
<tr>
>m class="correct_response">the Ottoman Empire>r /> >able width="100%">>d class="right">Yungsheng 永勝>tr> | >td>
</tr>
able>
|
</tr>
<tr>
<tr>
<td>
</tr>
<tr>
(Eleanor: What is... thermometer?) >r />m class="correct_response">aneroid>r /> >able width="100%">>d class="wrong">Eleanor>tr> | >td>
</tr>
able>
|
<tr>
<td>
</tr>
<tr>
>m class="correct_response">an autoharp>r /> >able width="100%">>d class="right">Eleanor>tr> | >td>
</tr>
able>
|
<tr>
<td>
</tr>
<tr>
>m class="correct_response">Shirley Jackson>r /> >able width="100%">>d class="right">Andie>tr> | >td>
</tr>
able>
|
<tr>
<td>
</tr>
<tr>
(Andie: What is... superficial?) >r />m class="correct_response">non-invasive>r /> >able width="100%">>d class="wrong">Andie>tr> | >td>
</tr>
able>
|
<tr>
<td>
</tr>
<tr>
>m class="correct_response">>Viva Las Vegas>r /> >able width="100%">>d class="right">Andie>tr> | >td>
</tr>
able>
|
<tr>
<td>
</tr>
<tr>
[Eleanor's response sounds like "Pippin".] >r />m class="correct_response">Pepin>r /> >able width="100%">>d class="right">Eleanor>tr> | >td>
</tr>
able>
|
</tr>
<tr>
<tr>
<td>
</tr>
<tr>
>m class="correct_response">an endoscope>r />r />able>>d class="wrong">Triple Stumper>tr> | >td>
</tr>
able>
|
<tr>
<td>
</tr>
<tr>
>m class="correct_response">an augur>r /> >able width="100%">>d class="right">Andie>tr> | >td>
</tr>
able>
|
<tr>
<td>
</tr>
<tr>
>m class="correct_response">Tristram Shandy>r /> >able width="100%">>d class="right">Yungsheng 永勝>tr> | >td>
</tr>
able>
|
<tr>
<td>
</tr>
<tr>
>(Yungsheng: What is hospice?) (Andie: What is pallative? [*]?) [Andie's response ruled incorrect and changed to correct when the Daily Double is found after the judges reviewed the tape] >r />m class="correct_response">palliative>r /> >able width="100%">>d class="wrong">Yungsheng 永勝>d class="right">Andie>tr> | >td>
</tr>
able>
|
<tr>
<td>
</tr>
<tr>
>m class="correct_response">Marty>r /> >able width="100%">>d class="right">Yungsheng 永勝>tr> | >td>
</tr>
able>
|
<tr>
<td>
</tr>
<tr>
>m class="correct_response">Milan>r />r />able>>d class="wrong">Triple Stumper>tr> | >td>
</tr>
able>
|
</tr>